| 000 | 00512nam a2200181Ia 4500 | ||
|---|---|---|---|
| 003 | GCL | ||
| 008 | 140319s9999 xx 000 0 eng d | ||
| 040 |
_aGCL / _cGCL |
||
| 082 | 0 | 4 |
_a625.13007 _bN A |
| 100 | 1 | _aNATIONAL HEADQUARTERS CIVIL AIRPORT | |
| 245 | 1 | 0 |
_aA MELIA EARHART / _cNATIONAL HEADQUARTERS CIVIL AIRPORT |
| 260 |
_a[S.N] : _bNATIONAL HEADQUARTERS ، _c1987 |
||
| 300 | _a20 P | ||
| 650 | 0 | 4 | _aAVIATION |
| 650 | 0 | 4 | _aAERONAUTICS |
| 650 | 0 | 4 | _aAERONAUTICS - STUDY AND TEACHING |
| 942 |
_2ddc _cBK |
||
| 999 |
_c17663 _d17663 |
||